Catálogo

Estrategia y gestión de la información corporativa : (Registro nro. 41228)

Detalles MARC
000 -LEADER
fixed length control field 02045cam a2200421 i 4500
001 - CONTROL NUMBER
control field 41228
003 - CONTROL NUMBER IDENTIFIER
control field Mx-PuUPA
005 - DATE AND TIME OF LATEST TRANSACTION
control field 20250429095756.0
008 - FIXED-LENGTH DATA ELEMENTS--GENERAL INFORMATION
fixed length control field 140415s2004 sp gr 000 0 spa d
017 ## - COPYRIGHT OR LEGAL DEPOSIT NUMBER
Copyright or legal deposit number M. 25.584-2004
020 ## - INTERNATIONAL STANDARD BOOK NUMBER
International Standard Book Number 8448140982
040 ## - CATALOGING SOURCE
Original cataloging agency Mx-PuUPA
Language of cataloging spa
Transcribing agency Mx-PuUPA
Modifying agency Mx-PuUPA
Description conventions rda
041 1# - LANGUAGE CODE
Language code of text/sound track or separate title spa
Language code of original eng
100 1# - MAIN ENTRY--PERSONAL NAME
Personal name Applegate, Lynda M.
Relator term autor
9 (RLIN) 16932
240 10 - UNIFORM TITLE
Uniform title Corporate information strategy and management : the challenges of managing in a network economy.
Language of a work Español
245 10 - TITLE STATEMENT
Title Estrategia y gestión de la información corporativa :
Remainder of title los retos de gestión en una economía en red /
Statement of responsibility, etc. Lynda M. Applegate, Robert D. Austin, F. Warren Mcfarlan ; equipo de traducción, Ramón Salvador Valles, Roma Puiggermanal Estival [y otros tres]
250 ## - EDITION STATEMENT
Edition statement Sexta edición
264 #1 - PRODUCTION, PUBLICATION, DISTRIBUTION, MANUFACTURE, AND COPYRIGHT NOTICE
Place of production, publication, distribution, manufacture Aravaca, Madrid :
Name of producer, publisher, distributor, manufacturer McGraw-Hill / Interamericana de España,
Date of production, publication, distribution, manufacture, or copyright notice ©2004
300 ## - PHYSICAL DESCRIPTION
Extent xv, 317 páginas :
Other physical details diagramas, tablas ;
Dimensions 24 cm
336 ## - CONTENT TYPE
Fuente rdacontent
Content type term texto
Content type code txt
337 ## - MEDIA TYPE
Source rdamedia
Media type term sin medio
Media type code n
338 ## - CARRIER TYPE
Source rdacarrier
Carrier type term volumen
Carrier type code nc
650 #7 - SUBJECT ADDED ENTRY--TOPICAL TERM
9 (RLIN) 13986
Source of heading or term armarc
Topical term or geographic name entry element Tecnología de la información
General subdivision Administración
650 #7 - SUBJECT ADDED ENTRY--TOPICAL TERM
Source of heading or term armarc
Topical term or geographic name entry element Sistemas de información en administración
650 #7 - SUBJECT ADDED ENTRY--TOPICAL TERM
Source of heading or term armarc
Topical term or geographic name entry element Tecnología de la información
General subdivision Administración
-- Estudio de casos
650 #7 - SUBJECT ADDED ENTRY--TOPICAL TERM
Source of heading or term armarc
Topical term or geographic name entry element Empresas
General subdivision Redes de computadora
650 #7 - SUBJECT ADDED ENTRY--TOPICAL TERM
Source of heading or term armarc
Topical term or geographic name entry element Recursos de información
General subdivision Administración
700 1# - ADDED ENTRY--PERSONAL NAME
Personal name Austin, Robert D.,
Relator term autor
700 1# - ADDED ENTRY--PERSONAL NAME
Personal name Mcfarla, F. Warren,
Relator term autor
700 1# - ADDED ENTRY--PERSONAL NAME
Personal name Salvador Valles, Ramón,
Relator term traductor
700 1# - ADDED ENTRY--PERSONAL NAME
Personal name Estival, Roma Puiggermanal,
Relator term traductor
765 0# - ORIGINAL LANGUAGE ENTRY
Main entry heading Applegate, Lynda M.
Place, publisher, and date of publication [Lugar de publicación no identificado] : McGraw-Hill, ©2003
Title Corporate information strategy and management : the challenges of managing in a network economy.
International Standard Book Number 0072456655
942 ## - ADDED ENTRY ELEMENTS (KOHA)
Source of classification or shelving scheme Dewey Decimal Classification
Koha item type Libro
Classification part 658.4038011
Item part A6418
Existencias
Withdrawn status Lost status Source of classification or shelving scheme Damaged status Not for loan Collection code Home library Current library Shelving location Date acquired Source of acquisition Total Checkouts Full call number Barcode Date last seen Price effective from Koha item type
    Dewey Decimal Classification     General Biblioteca Karol Wojtyla Biblioteca Karol Wojtyla Sala general 03/12/2013 Donación   658.4038011 A6418 2004 46220 05/01/2026 03/12/2013 Libro